00749nam a2200241 a 4500001001300000003000900013005001700022008004100039020002300080082001300103100001900116245005400135260004400189300001100233500003500244505002400279650002300303700001900326902000800345942000700353952013000360999001700490nice12345678IN_TiNIC20260116014716.0130211s2012 lona grp 000 0 eng  a9780199656493c84500a190bKEN aKenny, Anthony aNew History of Western Philosophyb in Four Parts aLondan bOxford University Press c2012 a1058p  aincludes index and biblioraphy2 aBibliography, Index aPhilosophy-Western1 aKenny, Anthony bSRS cBK 001040708StackRoom-aHMIbHMId2013-02-11g845.00l12m1o190 KENp024025r2025-02-25s2024-06-24v845.00w2013-02-11yBK c16574d16574